Studies on the fabrication of polyamide membranes using casting technique / (رقم التسجيلة. 47156)

تفاصيل مارك
000 -LEADER
fixed length control field 013540000a22003490004500
003 - CONTROL NUMBER IDENTIFIER
control field EG-GICUC
005 - DATE AND TIME OF LATEST TRANSACTION
control field 20250223031033.0
008 - FIXED-LENGTH DATA ELEMENTS--GENERAL INFORMATION
fixed length control field 070123s2004 ua a f m 000 0 eng d
040 ## - CATALOGING SOURCE
Original cataloging agency EG-GICUC
Language of cataloging eng
Transcribing agency EG-GICUC
041 0# - LANGUAGE CODE
Language code of text/sound track or separate title Eng
049 ## - LOCAL HOLDINGS (OCLC)
Holding library Deposite
097 ## - Thesis Degree
Thesis Level M.Sc
099 ## - LOCAL FREE-TEXT CALL NUMBER (OCLC)
Classification number Cai01.13.04.M.Sc.2004.Ay.S
100 0# - MAIN ENTRY--PERSONAL NAME
Personal name Ayman Taha Abd El azem Elgendi
245 10 - TITLE STATEMENT
Title Studies on the fabrication of polyamide membranes using casting technique /
Statement of responsibility, etc. Ayman Taha Abd El azem Elgendi ; Supervised Nabil Mahmoud Abd El monem , Ahmed Nasr Eldin Mahdy , Hala Ahmed Talaat Aziz
246 15 - VARYING FORM OF TITLE
Title proper/short title دراسات عن تصنيع اغشية البولى اميد باسلوب الصب
260 ## - PUBLICATION, DISTRIBUTION, ETC.
Place of publication, distribution, etc. Cairo :
Name of publisher, distributor, etc. Ayman Taha Abd El azem Elgendi ,
Date of publication, distribution, etc. 2004
300 ## - PHYSICAL DESCRIPTION
Extent 120P :
Other physical details ill ;
Dimensions 30cm
502 ## - DISSERTATION NOTE
Dissertation note Thesis (M.Sc.) - Cairo University - Faculty Of Engineering - Department Of Chemical Engineering
530 ## - ADDITIONAL PHYSICAL FORM AVAILABLE NOTE
Additional physical form available note Issued also as CD
653 #4 - INDEX TERM--UNCONTROLLED
Uncontrolled term Casting technique
653 #4 - INDEX TERM--UNCONTROLLED
Uncontrolled term Chemical Engineering
653 #4 - INDEX TERM--UNCONTROLLED
Uncontrolled term Fabrication
653 #4 - INDEX TERM--UNCONTROLLED
Uncontrolled term Polyamide membranes
700 0# - ADDED ENTRY--PERSONAL NAME
Personal name Ahmed Nasr Eldin Mahdy ,
Relator term
700 0# - ADDED ENTRY--PERSONAL NAME
Personal name Hala Ahmed Talaat Aziz ,
Relator term
700 0# - ADDED ENTRY--PERSONAL NAME
Personal name Nabil Mahmoud Abd El monem ,
Relator term
856 ## - ELECTRONIC LOCATION AND ACCESS
Uniform Resource Identifier <a href="http://172.23.153.220/th.pdf">http://172.23.153.220/th.pdf</a>
905 ## - LOCAL DATA ELEMENT E, LDE (RLIN)
Cataloger Enas
Reviser cataloger
905 ## - LOCAL DATA ELEMENT E, LDE (RLIN)
Cataloger Mustafa
Reviser Revisor
942 ## - ADDED ENTRY ELEMENTS (KOHA)
Source of classification or shelving scheme Dewey Decimal Classification
Koha item type Thesis
المقتنيات
Source of classification or shelving scheme Not for loan Home library Current library Date acquired Full call number Barcode Date last seen Koha item type
Dewey Decimal Classification   المكتبة المركزبة الجديدة - جامعة القاهرة قاعة الرسائل الجامعية - الدور الاول 11.02.2024 Cai01.13.04.M.Sc.2004.Ay.S 01010110042833000 22.09.2023 Thesis
Dewey Decimal Classification   المكتبة المركزبة الجديدة - جامعة القاهرة مخـــزن الرســائل الجـــامعية - البدروم 11.02.2024 Cai01.13.04.M.Sc.2004.Ay.S 01020110042833000 22.09.2023 CD - Rom
Cairo University Libraries Portal Implemented & Customized by: Eng. M. Mohamady Contacts: new-lib@cl.cu.edu.eg | cnul@cl.cu.edu.eg
CUCL logo CNUL logo
© All rights reserved — Cairo University Libraries
CUCL logo
Implemented & Customized by: Eng. M. Mohamady Contact: new-lib@cl.cu.edu.eg © All rights reserved — New Central Library
CNUL logo
Implemented & Customized by: Eng. M. Mohamady Contact: cnul@cl.cu.edu.eg © All rights reserved — Cairo National University Library